Music Quiz

Random Music or Song Quiz
Score 0/29 Timer 10:00
0 Plays Today
Hint Answer % Correct
born to ...run
100%
glory ...days
100%
save the ... dance for melast
100%
thunder ...road
100%
born in the ...USA
100%
... disguisebrilliant
98.4%
... of philadelphiastreets
98.4%
cover ...me
98.4%
downbound ...train
98.4%
... hometownmy
98.4%
... riverthe
98.4%
dancing in the ...dark
98.4%
hungry ...heart
98.4%
i'm goin ...down
96.7%
the ... of tom joadghost
96.7%
Hint Answer % Correct
... touchhuman
96.7%
... surrenderno
96.7%
bobby ...jean
95.1%
im on ...fire
95.1%
... countydarlington
91.8%
... gardensecret
91.8%
waitin' on ... daysunny
90.2%
working on the ...highway
90.2%
... than the resttougher
90.2%
one ... upstep
86.9%
... the nightbecause
85.2%
you can ... tellnever
85.2%
dream ... dreambaby
83.6%
... cityatlantic
82%
Remove Ads.
Support Sporcle.
Get the best of Sporcle when you Go Orange. This ad-free experience offers more features, more stats, and more fun while also helping to support Sporcle. Thank you for becoming a member.

You're not logged in!

Compare scores with friends on all Sporcle quizzes.
OR
Log In

Show Comments

Extras

Top Quizzes Today


Score Distribution

Your Account Isn't Verified!

In order to create a playlist on Sporcle, you need to verify the email address you used during registration. Go to your Sporcle Settings to finish the process.

Report this User

Report this user for behavior that violates our Community Guidelines.

Details: